| 000 | 00362nam a22001337a 4500 | ||
|---|---|---|---|
| 020 | _qPB. | ||
| 040 | _cFIZZA ISHAQ | ||
| 082 |
_a621.3678 _bTHO |
||
| 100 |
_aLILLESAND,M.THOMAS. _990997 |
||
| 245 |
_aREMOTE SENSING AND IMAGE INTERPRETATION / _cTHOMAS M.LILLESAND. |
||
| 260 |
_aNEW YORK ; _bJOHN WILEY SON, _c2015 P. ; |
||
| 300 | _a720 P. ; | ||
| 942 |
_2ddc _cBK |
||
| 999 |
_c589192 _d589192 |
||